| 000 | 01794nam a2200433 i 4500 | ||
|---|---|---|---|
| 001 | 54244 | ||
| 003 | KOSZ 005 | ||
| 005 | 20221212131714.0 | ||
| 008 | 071810s2007 pl a f |000 0 pol | ||
| 015 | _aPB 2007/26363 | ||
| 040 |
_aWA N _cWA N _dKOSZ 005/HR |
||
| 041 | 0 |
_apol _beng |
|
| 046 | _k2007 | ||
| 080 | _a330.322.2 | ||
| 080 | _a658.1/.5 | ||
| 080 | _a005.2 | ||
| 100 | 1 |
_aGranosik, Beata _eAutor |
|
| 245 | 1 | 0 |
_aMetody oceny efektywności inwestycji rzeczowych w zarządzaniu przedsiębiorstwem / _cBeata Granosik ; Politechnika Koszalińska. |
| 260 |
_aKoszalin : _bWydawnictwo Uczelniane Politechniki Koszalińskiej, _c2007. |
||
| 300 |
_a112 s. : _bil. ; _c24 cm. |
||
| 336 |
_2rdacontent _aTekst _btxt |
||
| 337 |
_2rdamedia _aBez urządzenia pośredniczącego _bn |
||
| 338 |
_2rdacarrier _aWolumin _bnc |
||
| 380 | _aKsiążki | ||
| 388 | _a2001- | ||
| 490 | 1 | _aMonografia Wydziału Ekonomii i Zarządzania / Politechnika Koszalińska. | |
| 500 | _aISSN 0239-7129 oraz nr 135 kontynuuje numerację serii pierwotnej: Monografie - Wyższa Szkoła Inżynierska w Koszalinie. | ||
| 504 | _aBibliogr. s. 103-108. | ||
| 546 | _aStreszcz. ang. | ||
| 650 | 4 | _aEkonomika przedsiębiorstwa | |
| 650 | 4 | _aInwestycje rzeczowe | |
| 650 | 4 | _aPrzedsiębiorstwo | |
| 658 | _aGospodarka, ekonomia, finanse | ||
| 710 | 2 |
_aWydawnictwo Uczelniane (Politechnika Koszalińska) _4pbl. |
|
| 830 | 0 | _aMonografia Wydziału Ekonomii i Zarządzania - Politechnika Koszalińska | |
| 856 |
_uhttp://dlibra.tu.koszalin.pl/dlibra/docmetadata?id=270&from=&dirids=1&ver_id=&lp=1&QI= _yBiblioteka Cyfrowa |
||
| 856 |
_uhttp://koha.tu.koszalin.pl/cgi-bin/koha/opac-detail.pl?biblionumber=54244 _yKatalog online BPK |
||
| 942 |
_2UKD _cKS |
||
| 999 |
_c54244 _d54244 |
||